Geografické rozhledy časopis pro další vzdělávání v geografii

Oblasť udržateľnosti života na Zemi, sociálnych problémov, globalizácie, európskej integrácie, vývoja a rozvoja regiónov a územných spoločenstiev. V pedagogike je zameraný na vývoj a inovácie v didaktike geografie.

Na minha lista:
Detalhes bibliográficos
Formato: Periódico
Idioma:tcheco
Publicado em: Praha Česká geografická společnost
Assuntos:
Tags: Adicionar Tag
Sem tags, seja o primeiro a adicionar uma tag!

MARC

LEADER 00000nas1a2200000 4500
001 0268343
005 20230718081756.0
022 |a 1210-3004 
041 0 |a cze 
044 |a CZ 
245 1 0 |a Geografické rozhledy  |b časopis pro další vzdělávání v geografii 
264 1 |a Praha  |b Česká geografická společnost 
520 |a Oblasť udržateľnosti života na Zemi, sociálnych problémov, globalizácie, európskej integrácie, vývoja a rozvoja regiónov a územných spoločenstiev. V pedagogike je zameraný na vývoj a inovácie v didaktike geografie. 
610 2 0 |a geografia 
610 2 0 |a rozvoj regionálny 
610 2 0 |a rozvoj trvalo udržateľný 
610 2 0 |a integrácia 
610 2 0 |a environmentalistika 
610 2 0 |a geopolitika